000 00962nam a2200253 a 4500
001 000343855
003 AM-YeHGA
005 20250618072137.0
008 040616s1975 ai r 000 0 arm d
040 _aAM-YeHGA
041 1 _aarm
_hrus
080 _aP1
090 _aԿ-78
100 1 _aԿորոլենկո, Վ.Գ.
245 1 0 _aԱկնթարթը :
_b«Անտառը խշշում է» : Միջին և բարձր տարիքի դպր. համար /
_cՎ.Գ. Կորոլենկո ; Խմբ.՝ Մ. Բերբերյան ; Նկ.՝ Ս.Շ. Ստեփանյան.
246 3 1 _aԱնտառը խշշում է
260 _aԵրևան :
_bՀայաստան,
_c1975.
300 _a72 էջ :
_bնկ. ;
_c17 սմ.
650 1 4 _aՌուս գրականություն
_xՊատմվածք
_94645
700 1 _aՍտեփանյան, Սուրեն Շավարշի,
_d1915-1977
_eնկ.
_4art
_91781
700 1 _aԲերբերյան, Մ.
_eխմբ.
_4edt
942 _2udc
_cBK
090 _c132138
999 _c130773
_d130773